000 00654nam a2200181Ia 4500
008 151018s9999 xx 000 0 und d
082 _bRBASDV4377
_a891.463
100 _aआशा जोशी
245 _aअल्लाउदिन आणि जादूचा दिवा
250 _b1
260 _bसदभिरुची प्रकाशन
_c1907
300 _a107
600 _aआशा जोशी
630 _aअल्लाउदिन आणि जादूचा दिवा
700 _aआशा जोशी
730 _aअल्लाउदिन आणि जादूचा दिवा
942 _cBOOK
999 _c1006777
_d1006774